Studie míry rentability v dopravě v podmínkach tržní ekonomiky.

Základným hľadiskom pre hodnotenie efektívnosti medzinárodnej dopravnej činnosti je pomer celkových tržieb a nákladov, ktoré s príslušnou prepravou a výkonom súvisia. Charakteristika projektu DOCIMEL na zavedenie štúdie rentability trhového hospodárstva. Dva varianty ekonomických náhľadov na dopravu...

ver descrição completa

Na minha lista:
Detalhes bibliográficos
Autor principal: Stehlík, Antonín
Formato: Capítulo de Livro
Idioma:tcheco
Assuntos:
Tags: Adicionar Tag
Sem tags, seja o primeiro a adicionar uma tag!

MARC

LEADER 00000naa a2200000 4500
001 r005471
005 20221125075605.6
041 0 |a cze 
044 |a [CS] 
245 1 0 |a Studie míry rentability v dopravě v podmínkach tržní ekonomiky.  |c A. Stehlík 
520 |a Základným hľadiskom pre hodnotenie efektívnosti medzinárodnej dopravnej činnosti je pomer celkových tržieb a nákladov, ktoré s príslušnou prepravou a výkonom súvisia. Charakteristika projektu DOCIMEL na zavedenie štúdie rentability trhového hospodárstva. Dva varianty ekonomických náhľadov na dopravu. 
610 2 0 |a doprava 
610 2 0 |a rentabilita 
610 2 0 |a tržby 
610 2 0 |a náklady 
610 2 0 |a DOCIMEL 
610 2 0 |a hospodárstvo trhové 
610 2 0 |a podnik dopravný 
610 2 0 |a efektívnosť ekonomická 
610 2 0 |a break even point 
610 2 0 |a Direct costing 
100 1 |a Stehlík, Antonín